000 00375pab a2200145 454500
008 180718b1987 xxu||||| |||| 00| 0 eng d
100 _aZinke, Robert C
245 _aCost - benefit analysis and administrative legitimation
260 _c1987
300 _a63-88
362 _aAutumn
650 _aCost - Benefit Analysis
773 _aPolicy Studies Journal
909 _a6796
999 _c6796
_d6796